Collectio statutorum gratiarum et indulgentiarum pro missionibus earumque collegiis de propaganda fide fratrum minorum ...

Detalles Bibliográficos
Formato: Libro
Publicado: Roma 1778
Materias:
Colección:Banco de datos
Acervo:Biblioteca del Ex Convento de Nuestra Señora de Guadalupe. Zacatecas
Tema general:Derecho Eclesiástico
Notas:Buena. XII,10,28 (5714)
LEADER 00710nam a22001810004500
035 |a 45351 
036 |a 6535 
245 1 0 |a Collectio statutorum gratiarum et indulgentiarum pro missionibus earumque collegiis de propaganda fide fratrum minorum ... 
260 |a Roma  |b imp. Benito Francesi  |c 1778 
500 |a Buena. XII,10,28 (5714) 
650 1 0 |a Derecho Eclesiástico 
949 |a CRZ-CG 
959 |a Ex convento de Nuestra Señora de Guadalupe, Museo Regional de Zacatecas, Zacatecas  |b CCC4 
960 |a Convento de Nuestra Señora de Guadalupe, Zacatecas  |b DD87 
961 |a Franciscana  |b OF 
942 |c CRZ-CG 
943 |g Biblioteca del Ex Convento de Nuestra Señora de Guadalupe. Zacatecas 
999 |c 969478  |d 969478